Housing market report (Record no. 115307)
[ view plain ]
| 000 -LEADER | |
|---|---|
| fixed length control field | 00831cad a22002175a 4500 |
| 001 - CONTROL NUMBER | |
| control field | L158437 |
| 008 - FIXED-LENGTH DATA ELEMENTS--GENERAL INFORMATION | |
| fixed length control field | 150220s2013 xxk f 000 0 eng d |
| 035 ## - SYSTEM CONTROL NUMBER | |
| System control number | (Sirsi) u158437 |
| 041 ## - LANGUAGE CODE | |
| Language code of text/sound track or separate title | eng |
| 050 ## - LIBRARY OF CONGRESS CALL NUMBER | |
| Classification number | 333.33 |
| 110 ## - MAIN ENTRY--CORPORATE NAME | |
| Corporate name or jurisdiction name as entry element | National Association of Estate Agents |
| 9 (RLIN) | 886 |
| 245 ## - TITLE STATEMENT | |
| Title | Housing market report |
| 260 ## - PUBLICATION, DISTRIBUTION, ETC. | |
| Place of publication, distribution, etc. | Warwick |
| Name of publisher, distributor, etc. | National Association of Estate Agents |
| Date of publication, distribution, etc. | 2013 |
| 520 ## - SUMMARY, ETC. | |
| Summary, etc. | Monthly published UK Housing Market Report lists statistics on numbers of house-hunters, sales per branch, housing stock, and first time buyers. |
| 650 24 - SUBJECT ADDED ENTRY--TOPICAL TERM | |
| Topical term or geographic name entry element | NAEA HOUSING MARKET SURVEY |
| 650 24 - SUBJECT ADDED ENTRY--TOPICAL TERM | |
| Topical term or geographic name entry element | ESTATE AGENTS |
| 651 #4 - SUBJECT ADDED ENTRY--GEOGRAPHIC NAME | |
| Geographic name | ENGLAND AND WALES |
| 690 ## - LOCAL SUBJECT ADDED ENTRY--TOPICAL TERM (OCLC, RLIN) | |
| Topical term or geographic name as entry element | Property management |
| 9 (RLIN) | 6262 |
| 856 40 - ELECTRONIC LOCATION AND ACCESS | |
| Uniform Resource Identifier | <a href="https://www.naea.co.uk/info-guides/housing-market-reports.aspx">https://www.naea.co.uk/info-guides/housing-market-reports.aspx</a> |
| Public note | View the item free of charge from www.naea.co.uk... |
| 942 ## - ADDED ENTRY ELEMENTS (KOHA) | |
| Suppress in OPAC | 0 |
| Withdrawn status | Lost status | Source of classification or shelving scheme | Damaged status | Not for loan | Home library | Current library | Shelving location | Date acquired | Total Checkouts | Full call number | Barcode | Date last seen | Copy number | Price effective from | Koha item type |
|---|---|---|---|---|---|---|---|---|---|---|---|---|---|---|---|
| Dewey Decimal Classification | Virtual | Virtual | Online | 20/02/2015 | ONLINE PUBLICATION | 158437-2001 | 06/08/2019 | 1 | 06/08/2019 | Book |